00713nam a2200241 a 4500001001300000003000900013005001700022008004100039020002300080082001300103100001900116245006100135260003700196300000900233500003500242505001800277650001100295700001900306902000800325942000700333952011400340999001700454nice12345678IN_TiNIC20260116014220.0070530s2007 newa grp 000 0 eng  a8180693163 c40000a170bGUH aGuha, Debashis aPractical and Professional Ethicsb Environmental Ethics aNew DelhibConcept Pub Co c2007 a245p aincludes index and biblioraphy2 abiblio, index aEthics1 aGuha, Debashis bSRS cBK 001040708StackRoom-aHMIbHMId2007-08-01g400.00l0o170 GUHp022045r2007-08-01v400.00w2007-05-30yBK c14365d14365